21st Century Websters Pocket Encyclopedia (Record no. 301015)

MARC details
000 -LEADER
fixed length control field 00387nam a2200157Ia 4500
008 - FIXED-LENGTH DATA ELEMENTS--GENERAL INFORMATION
fixed length control field 230718s9999 xx 000 0 und d
041 ## - LANGUAGE CODE
Language code of text/sound track or separate title eng
082 ## - DEWEY DECIMAL CLASSIFICATION NUMBER
Classification number 003
Item number WEB
100 ## - MAIN ENTRY--PERSONAL NAME
Personal name Websters
245 ## - TITLE STATEMENT
Title 21st Century Websters Pocket Encyclopedia
Remainder of title Vol IX
260 ## - PUBLICATION, DISTRIBUTION, ETC. (IMPRINT)
Date of publication, distribution, etc. 2000
Name of publisher, distributor, etc. Web
300 ## - PHYSICAL DESCRIPTION
Extent 266
365 ## - TRADE PRICE
Currency code Rs.
Price amount 120.00
700 ## - ADDED ENTRY--PERSONAL NAME
Personal name Websters
906 ## - LOCAL DATA ELEMENT F, LDF (RLIN)
d B:2054319-Jan-2001
c COMP
Holdings
Withdrawn status Lost status Damaged status Not for loan Home library Current library Date acquired Vendor Budget Code Cost, normal purchase price Bill number Total Checkouts Full call number Barcode Date last seen Cost, replacement price Bill Date Koha item type Original Barcode
        Cummins College of Engineering for Women Pune Cummins College of Engineering for Women Pune 23/01/2001 Indus COMP 120.00 20543   003 CCEP-BK-12221 18/07/2023 120.00 19/01/2001 Books 012221